Návrh postprocesora pre CAD/CAM software Pro/ENGINEER : Diplomová práca

Guardado en:
Detalles Bibliográficos
Autor principal: Hrdý, Jaroslav (Autor)
Otros Autores: Golian, Ivan (xxx)
Formato: Manuscrito Libro
Lenguaje:eslovaco
Publicado: Trnava : STU v Bratislave MtF KAIA, 1995
Materias:
Etiquetas: Agregar Etiqueta
Sin Etiquetas, Sea el primero en etiquetar este registro!

MARC

LEADER 00000ntm a22000003a 4500
001 stu61301
005 20160719155116.2
008 010925s1995----xo------------------slo-d
040 |a STU  |b slo 
041 0 |a slo 
044 |a xo 
100 1 |a Hrdý, Jaroslav  |4 aut 
245 1 |a Návrh postprocesora pre CAD/CAM software Pro/ENGINEER :  |b Diplomová práca 
260 |a Trnava :  |b STU v Bratislave MtF KAIA,  |c 1995 
300 |a 50 s 
650 7 |a CAD/CAM  |2 stusub 
650 7 |a Pro/Engineer  |2 estusub 
650 7 |a aplikovaná informatika a automatizácia v priemysle  |2 stusub 
700 1 |a Golian, Ivan  |4 xxx 
996 |b 284M033273  |c M*DP-1242  |l MMSKP  |s P  |a 0  |w stu61301_0001